Motivační procesy

Gespeichert in:
Bibliographische Detailangaben
1. Verfasser: Januška, Ľudovít
Weitere Verfasser: Jünger, Josef
Format: Buch
Sprache:Tschechisch
Veröffentlicht: Ostrava Vysoká škola báňská 1985
Ausgabe:1. vyd.
Tags: Tag hinzufügen
Keine Tags, Fügen Sie das erste Tag hinzu!

MARC

LEADER 00000nam a2200000 4500
001 c037220
005 20221220075809.3
041 0 |a cze 
044 |a CZ 
245 1 0 |a Motivační procesy  |c Ľudovít Januška a kol., Jozef Jünger 
250 |a 1. vyd. 
264 1 |a Ostrava  |b Vysoká škola báňská  |c 1985 
300 |a 138 s. 
100 1 |a Januška, Ľudovít 
700 1 |a Jünger, Josef